First 100 Words of Frankenstein - Statistics

General Stats
  • This quiz has been taken 67 times
  • The average score is 32 of 100
Answer Stats
Answer % Correct
a
92%
I
89%
the
79%
an
70%
my
64%
and
58%
in
57%
is
55%
no
55%
me
51%
of
51%
To
51%
to
51%
hear
47%
You
47%
you
47%
will
43%
that
42%
this
40%
This
40%
am
36%
as
36%
have
36%
Do
34%
has
34%
St
32%
dear
28%
sister
28%
with
28%
cold
23%
feel
19%
here
19%
first
17%
which
17%
London:
13%
arrived
11%
walk
11%
accompanied
9%
December
9%
enterprise
9%
evil
9%
Mrs
9%
north
9%
Petersburg,
9%
regarded
9%
rejoice
9%
such
9%
yesterday;
9%
11,
8%
already
8%
assure
8%
breeze
8%
commencement
8%
delight.
8%
disaster
8%
far
8%
feeling?
8%
forebodings.
8%
northern
8%
success
8%
undertaking.
8%
upon
8%
welfare,
8%
17--
6%
cheeks,
6%
confidence
6%
England.
6%
fills
6%
play
6%
Saville,
6%
streets
6%
task
6%
understand
6%
braces
4%
increasing
4%
nerves,
4%
No matching quizzes found
Score Distribution
Percent of People with Each Score
Percentile by Number Answered
Your Score History
You have not taken this quiz